[Event "Mecklenburg VP LL2 Ost 2223"]
[Site "Mecklenburg VP"]
[Date "2023.01.15"]
[Round "5.1"]
[White "Mildner, Jens"]
[Black "Giese, Lothar"]
[Result "1-0"]
[WhiteElo "2107"]
[BlackElo "1892"]
[PlyCount "75"]
[EventDate "2022.10.23"]
[EventType "team-tourn"]
[EventRounds "9"]
[EventCountry "GER"]
[SourceTitle "EXT 2024"]
[Source "ChessBase"]
[SourceDate "2023.10.10"]
[SourceVersion "1"]
[SourceVersionDate "2023.10.10"]
[SourceQuality "1"]
[WhiteTeam "Greifswald II"]
[BlackTeam "Stralsund HSG II"]
[WhiteTeamCountry "GER"]
[BlackTeamCountry "GER"]

1. d4 d5 2. c4 e6 3. Nc3 Nf6 4. cxd5 exd5 5. Bg5 Be7 6. Qc2 c6 7. e3 0-0 8. Bd3 h6 9. Bh4 Re8 10. Nge2 Nbd7 11. 0-0 Nf8 12. Rab1 Ne4 13. Bxe7 Qxe7 14. b4 Bf5 15. Ng3 Nxg3 16. hxg3 Bxd3 17. Qxd3 Nd7 18. b5 Nb6 19. a4 Qd7 20. Rb4 h5 21. Rfb1 Rac8 22. a5 Nc4 23. a6 cxb5 24. axb7 Qxb7 25. Rxb5 Qe7 26. Rb7 Qa3 27. R7b3 Qd6 28. Ra1 a5 29. Qf5 Rb8 30. Rxb8 Qxb8 31. Nxd5 Qb3 32. Rb1 Nb2 33. Qd7 Rb8 34. Ne7+ Kh8 35. Qf5 Qe6 36. Qxh5+ Qh6 37. Qxa5 g6 38. Qe5+ 1-0

[Event "Mecklenburg VP LL2 Ost 2223"]
[Site "Mecklenburg VP"]
[Date "2022.11.27"]
[Round "3.1"]
[White "Mildner, Jens"]
[Black "Lassan, Christian"]
[Result "1/2-1/2"]
[WhiteElo "2107"]
[BlackElo "2136"]
[PlyCount "74"]
[EventDate "2022.10.23"]
[EventType "team-tourn"]
[EventRounds "9"]
[EventCountry "GER"]
[SourceTitle "EXT 2024"]
[Source "ChessBase"]
[SourceDate "2023.10.10"]
[SourceVersion "1"]
[SourceVersionDate "2023.10.10"]
[SourceQuality "1"]
[WhiteTeam "Greifswald II"]
[BlackTeam "Waren"]
[WhiteTeamCountry "GER"]
[BlackTeamCountry "GER"]

1. d4 Nf6 2. c4 e6 3. Nc3 d5 4. cxd5 exd5 5. Bg5 Nbd7 6. e3 c6 7. Bd3 Be7 8. Qc2 0-0 9. Nge2 Re8 10. 0-0 Nf8 11. Rab1 a5 12. a3 g6 13. b4 axb4 14. axb4 Ne6 15. Bh4 Nd7 16. Bxe7 Qxe7 17. b5 Qd6 18. bxc6 bxc6 19. e4 Ba6 20. Bxa6 Rxa6 21. e5 Qc7 22. f4 Qa7 23. Rbd1 c5 24. Kh1 cxd4 25. Nb5 Qc5 26. Qxc5 Ndxc5 27. Nexd4 Rb8 28. Nxe6 fxe6 29. Nd4 Rb4 30. g3 Ra2 31. Nf3 Ne4 32. Ra1 Rbb2 33. Rxa2 Rxa2 34. Rc1 Nf2+ 35. Kg1 Nh3+ 36. Kh1 Nf2+ 37. Kg1 Nh3+ 1/2-1/2

[Event "Mecklenburg VP Verbandsliga 1920"]
[Site "Mecklenburg VP"]
[Date "2020.01.19"]
[Round "5.2"]
[White "Boehme, Andy"]
[Black "Mildner, Jens"]
[Result "1-0"]
[WhiteElo "2058"]
[BlackElo "2107"]
[PlyCount "103"]
[EventDate "2019.09.29"]
[EventType "team-tourn"]
[EventRounds "9"]
[EventCountry "GER"]
[SourceTitle "EXT 2023"]
[Source "ChessBase"]
[SourceDate "2022.10.05"]
[SourceVersion "1"]
[SourceVersionDate "2022.10.05"]
[SourceQuality "1"]
[WhiteTeam "Grevesmuehlen Blau Weiss"]
[BlackTeam "Greifswald II"]
[WhiteTeamCountry "GER"]
[BlackTeamCountry "GER"]

1. Nf3 d5 2. b3 c6 3. Bb2 Nf6 4. g3 Bg4 5. Bg2 e6 6. d3 Nbd7 7. h3 Bxf3 8. Bxf3 Be7 9. Nd2 Qa5 10. a3 Rd8 11. b4 Qc7 12. c4 Ne5 13. cxd5 Nxf3+ 14. Nxf3 Rxd5 15. Qc2 0-0 16. 0-0 a6 17. Kg2 Rdd8 18. Rac1 Nd7 19. e3 Bf6 20. Bxf6 Nxf6 21. d4 Qd6 22. Qc5 Qd5 23. Qxd5 Rxd5 24. Rc5 Rfd8 25. Rfc1 Ne4 26. Rxd5 Rxd5 27. Ne5 Kf8 28. Nd3 Ke7 29. f3 Nd6 30. a4 g5 31. Nc5 e5 32. a5 exd4 33. e4 Re5 34. f4 gxf4 35. gxf4 Rh5 36. e5 Nf5 37. Nxb7 d3 38. Rxc6 d2 39. Rc7+ Kf8 40. Rc8+ Ke7 41. Rc7+ Kf8 42. Rc8+ Kg7 43. Rd8 Ne3+ 44. Kg3 d1Q 45. Rxd1 Nxd1 46. Nd6 Ne3 47. b5 axb5 48. a6 Nd5 49. Kg4 Rxh3 50. Kxh3 b4 51. a7 Nc7 52. Ne8+ 1-0

[Event "Mecklenburg VP Verbandsliga 1920"]
[Site "Mecklenburg VP"]
[Date "2019.11.24"]
[Round "3.3"]
[White "Mildner, Jens"]
[Black "Luther, Alexander"]
[Result "0-1"]
[WhiteElo "2107"]
[BlackElo "2052"]
[PlyCount "192"]
[EventDate "2019.09.29"]
[EventType "team-tourn"]
[EventRounds "9"]
[EventCountry "GER"]
[SourceTitle "EXT 2023"]
[Source "ChessBase"]
[SourceDate "2022.10.05"]
[SourceVersion "1"]
[SourceVersionDate "2022.10.05"]
[SourceQuality "1"]
[WhiteTeam "Greifswald II"]
[BlackTeam "Guestrow/Teterow"]
[WhiteTeamCountry "GER"]
[BlackTeamCountry "GER"]

1. d4 Nf6 2. c4 e6 3. Nc3 d5 4. cxd5 exd5 5. Bg5 Be7 6. e3 0-0 7. Bd3 Nbd7 8. Qc2 c6 9. Nge2 Re8 10. 0-0 Nf8 11. Rab1 a5 12. a3 Bg4 13. h3 Bc8 14. Bf4 Bd6 15. Rfc1 Ng6 16. Bxd6 Qxd6 17. Na4 Ne4 18. Nb6 Rb8 19. Bxe4 Rxe4 20. Qc5 Qd8 21. Ng3 Re8 22. Qxa5 h5 23. Nxh5 Bf5 24. Ra1 Qh4 25. Ng3 Bxh3 26. Re1 Bg4 27. Qd2 Qg5 28. Na4 Nh4 29. f4 Qg6 30. Qf2 Re7 31. Nf1 Bf3 32. g3 Be4 33. Nh2 Rbe8 34. Nc3 Nf5 35. Nxe4 Rxe4 36. Nf1 Qg4 37. Nh2 Qxg3+ 38. Qxg3 Nxg3 39. Kf2 Nf5 40. Nf1 f6 41. Rad1 Kf7 42. Rd3 Rh8 43. a4 Nd6 44. Kg2 Rhe8 45. Kf2 Rh8 46. Rb3 Ra8 47. Ra1 Re7 48. Nd2 b5 49. Rba3 Rxa4 50. Rxa4 bxa4 51. Rxa4 Rb7 52. b3 Ne4+ 53. Nxe4 dxe4 54. Ra3 Ke6 55. Kg3 f5 56. Kh4 Kf6 57. Ra6 Rxb3 58. Rxc6+ Ke7 59. Kg5 Rxe3 60. Kxf5 Kf7 61. Rc7+ Kf8 62. Ke6 Kg8 63. Kf5 Re1 64. Re7 e3 65. Ke6 e2 66. Re8+ Kh7 67. Kd5 Kg6 68. Re5 Kf6 69. Kd6 Rd1 70. Rxe2 Rxd4+ 71. Kc5 Rxf4 72. Kd5 g5 73. Re8 Kf5 74. Rg8 Kg4 75. Ke5 Rf1 76. Rg7 Kh4 77. Ke4 g4 78. Ke3 Kh3 79. Ke2 Rf6 80. Rh7+ Kg2 81. Rg7 Re6+ 82. Kd2 g3 83. Rg8 Rf6 84. Ke2 Kh2 85. Rh8+ Kg1 86. Rg8 Rf2+ 87. Ke1 g2 88. Rg7 Rf3 89. Ke2 Rf2+ 90. Ke1 Rf4 91. Ke2 Kh2 92. Rh7+ Kg1 93. Rg7 Ra4 94. Rg8 Ra2+ 95. Ke1 Ra3 96. Ke2 Kh2 0-1

[Event "Mecklenburg VP Verbandsliga 1920"]
[Site "Mecklenburg VP"]
[Date "2019.10.20"]
[Round "2.1"]
[White "Stutz, Reno"]
[Black "Mildner, Jens"]
[Result "1/2-1/2"]
[WhiteElo "2017"]
[BlackElo "2107"]
[PlyCount "47"]
[EventDate "2019.09.29"]
[EventType "team-tourn"]
[EventRounds "9"]
[EventCountry "GER"]
[SourceTitle "EXT 2023"]
[Source "ChessBase"]
[SourceDate "2022.10.05"]
[SourceVersion "1"]
[SourceVersionDate "2022.10.05"]
[SourceQuality "1"]
[WhiteTeam "Wismar ASV Gruen-Weiss"]
[BlackTeam "Greifswald II"]
[WhiteTeamCountry "GER"]
[BlackTeamCountry "GER"]

1. d4 Nf6 2. Nf3 e6 3. e3 d5 4. Bd3 c5 5. b3 Nc6 6. 0-0 cxd4 7. exd4 Be7 8. Bb2 0-0 9. Nbd2 b6 10. c4 Bb7 11. Rc1 Rc8 12. Qe2 Qc7 13. Rfd1 Qf4 14. cxd5 Nxd5 15. Ne4 Ncb4 16. Bb1 Nf6 17. Nxf6+ Bxf6 18. Ne5 Rfd8 19. Rxc8 Rxc8 20. a3 Nd5 21. g3 Qh6 22. Be4 Bxe5 23. dxe5 Qg5 24. Bg2 1/2-1/2

[Event "Mecklenburg VP VL1819"]
[Site "Mecklenburg VP"]
[Date "2019.01.20"]
[Round "5.3"]
[White "Mildner, Jens"]
[Black "Schumacher, Dirk"]
[Result "1-0"]
[WhiteElo "2023"]
[BlackElo "1951"]
[PlyCount "80"]
[EventDate "2018.10.21"]
[EventType "team-tourn"]
[EventRounds "9"]
[EventCountry "GER"]
[SourceTitle "EXT 2022"]
[Source "ChessBase"]
[SourceDate "2021.10.06"]
[SourceVersion "1"]
[SourceVersionDate "2021.10.06"]
[SourceQuality "1"]
[WhiteTeam "Greifswald II"]
[BlackTeam "Warnemuende SF Ostsee"]
[WhiteTeamCountry "GER"]
[BlackTeamCountry "GER"]

1. d4 Nf6 2. c4 g6 3. Nc3 d5 4. cxd5 Nxd5 5. Bd2 Bg7 6. e4 Nxc3 7. Bxc3 0-0 8. Bc4 c5 9. d5 Bxc3+ 10. bxc3 Qa5 11. Qb3 a6 12. Nf3 b5 13. Be2 e6 14. 0-0 c4 15. Qb2 exd5 16. exd5 Bb7 17. Rfd1 Nd7 18. a4 Nb6 19. axb5 Qxb5 20. Qxb5 axb5 21. Nd4 Bxd5 22. Nxb5 Rxa1 23. Rxa1 Re8 24. Bf1 Rb8 25. f3 Ra8 26. Rxa8+ Bxa8 27. Kf2 Na4 28. Bxc4 Bc6 29. Nd4 Bd7 30. Ne2 Kg7 31. Ke3 f5 32. Kd4 Kf6 33. Nf4 g5 34. Nd5+ Kg6 35. Bd3 Kg7 36. c4 h5 37. c5 h4 38. Nb6 Nxc5 39. Kxc5 Be6 40. Kd6 Kf6 1-0

[Event "Mecklenburg VP VL 1718"]
[Site "Mecklenburg VP"]
[Date "2018.04.08"]
[Round "8.1"]
[White "Schumacher, Ole"]
[Black "Mildner, Jens"]
[Result "0-1"]
[WhiteElo "1835"]
[BlackElo "2038"]
[PlyCount "100"]
[EventDate "2017.10.08"]
[EventType "team-tourn"]
[EventRounds "9"]
[EventCountry "GER"]
[SourceTitle "EXT 2022"]
[Source "ChessBase"]
[SourceDate "2021.10.06"]
[SourceVersion "1"]
[SourceVersionDate "2021.10.06"]
[SourceQuality "1"]
[WhiteTeam "Schwerin SF III"]
[BlackTeam "Greifswald II"]
[WhiteTeamCountry "GER"]
[BlackTeamCountry "GER"]

1. d4 d5 2. c4 c6 3. Nf3 Nf6 4. Qc2 e6 5. g3 Be7 6. Bg2 Nbd7 7. 0-0 0-0 8. Nc3 b6 9. cxd5 cxd5 10. Bf4 Nh5 11. Bd2 Bb7 12. Rfc1 Rc8 13. Qa4 a6 14. Ne5 b5 15. Qb3 Nhf6 16. Nd1 Qb6 17. e3 Nxe5 18. dxe5 Nd7 19. Bc3 Nc5 20. Qc2 b4 21. Bd4 Qa5 22. Qd2 Ne4 23. Bxe4 dxe4 24. b3 Qd5 25. Nb2 Rc6 26. Rxc6 Bxc6 27. Rc1 Bb5 28. Qc2 Rd8 29. Qc7 Bf8 30. Qb6 g6 31. Nc4 Qd7 32. Nd2 Rc8 33. Rd1 Bd3 34. Nc4 Bxc4 35. bxc4 Rxc4 36. Qxa6 Qc8 37. Qxc8 Rxc8 38. Rd2 Ra8 39. Kg2 Ra3 40. g4 g5 41. Kf1 Be7 42. Ke2 b3 43. axb3 Rxb3 44. Rc2 Rb1 45. f3 Rh1 46. Rc8+ Kg7 47. fxe4 Rxh2+ 48. Kf3 Bb4 49. Bb6 Be1 50. Bc5 Bh4 0-1

[Event "Mecklenburg VP VL 1718"]
[Site "Mecklenburg VP"]
[Date "2018.02.25"]
[Round "6.1"]
[White "Mangold, Thomas"]
[Black "Mildner, Jens"]
[Result "1-0"]
[WhiteElo "2002"]
[BlackElo "2038"]
[PlyCount "59"]
[EventDate "2017.10.08"]
[EventType "team-tourn"]
[EventRounds "9"]
[EventCountry "GER"]
[SourceTitle "EXT 2022"]
[Source "ChessBase"]
[SourceDate "2021.10.06"]
[SourceVersion "1"]
[SourceVersionDate "2021.10.06"]
[SourceQuality "1"]
[WhiteTeam "Rostock SSC 07"]
[BlackTeam "Greifswald II"]
[WhiteTeamCountry "GER"]
[BlackTeamCountry "GER"]

1. c4 c5 2. g3 Nc6 3. Bg2 g6 4. Nc3 Bg7 5. a3 e6 6. Rb1 a5 7. e3 Nge7 8. Nge2 0-0 9. Nf4 d6 10. 0-0 e5 11. Nfd5 Nxd5 12. cxd5 Nb8 13. b3 Na6 14. Bb2 Bd7 15. Qe2 Rb8 16. Rfd1 b5 17. Na2 f5 18. d4 Re8 19. dxc5 Nxc5 20. b4 Na4 21. Ba1 Qb6 22. bxa5 Qxa5 23. Nb4 Rec8 24. Nc6 Bxc6 25. dxc6 Nc3 26. Bxc3 Qxc3 27. Rxb5 Qxa3 28. Rxb8 Rxb8 29. c7 Rc8 30. Qc4+ 1-0

[Event "Oberliga Nord O 1516"]
[Site "Germany"]
[Date "2016.04.10"]
[Round "9.5"]
[White "Jauk, Wilhelm"]
[Black "Mildner, Jens"]
[Result "1/2-1/2"]
[WhiteElo "2174"]
[BlackElo "2131"]
[PlyCount "213"]
[EventDate "2015.09.20"]
[EventType "team-tourn"]
[EventRounds "9"]
[EventCountry "GER"]
[SourceTitle "EXT 2017"]
[Source "ChessBase"]
[SourceDate "2016.10.25"]
[SourceVersion "1"]
[SourceVersionDate "2016.10.25"]
[SourceQuality "1"]
[WhiteTeam "Oberschoeneweide"]
[BlackTeam "Greifswald"]
[WhiteTeamCountry "GER"]
[BlackTeamCountry "GER"]

1. d4 e6 2. Nf3 f5 3. c4 Nf6 4. Nc3 Be7 5. g3 0-0 6. Bg2 d5 7. 0-0 c6 8. b3 Bd7 9. Bf4 Be8 10. Qc2 Ne4 11. Rad1 Bh5 12. Nxe4 fxe4 13. Ne5 Nd7 14. f3 Nxe5 15. Bxe5 exf3 16. exf3 Bb4 17. c5 Ba5 18. Qe2 Re8 19. Qe3 Rc8 20. Bh3 Bf7 21. Rf2 Bc7 22. Re1 Bxe5 23. Qxe5 Rc7 24. Rfe2 Rce7 25. Re3 Qc8 26. Bf1 Bg6 27. h4 Bf7 28. Bd3 Qc7 29. Kg2 Qxe5 30. Rxe5 g6 31. g4 Kg7 32. Kg3 Bg8 33. f4 Rf8 34. h5 Rd7 35. Rg5 Rf6 36. hxg6 hxg6 37. f5 exf5 38. gxf5 Bf7 39. Kg4 Rc7 40. Re3 Rd7 41. Rf3 Kh6 42. Rh3+ Kg7 43. Re3 Rc7 44. Rg3 Rc8 45. Re3 Rc7 46. Kf4 Rd7 47. Kg4 Rc7 48. Kh4 Kh6 49. Reg3 Kg7 50. fxg6 Bg8 51. Re5 Rf4+ 52. Rg4 Rf3 53. Be2 Rf6 54. Kh5 Be6 55. Rgg5 Rc8 56. Kh4 Rh8+ 57. Kg3 Rh6 58. Bh5 Rh8 59. Re3 Rhf8 60. Rge5 Bf5 61. Re7+ Kh6 62. g7 Rg8 63. Kh4 Be4 64. Rxb7 Rf2 65. Bg4 Rxg7 66. Rxg7 Kxg7 67. Bd7 Rxa2 68. Bxc6 Rd2 69. Bd7 Rxd4 70. Kg5 Rd3 71. Kf4 Rxe3 72. Kxe3 Kf7 73. Kd4 Ke7 74. Bc6 Ke6 75. b4 Bf3 76. Bb7 Bg2 77. Bc8+ Ke7 78. Ke5 Kd8 79. Be6 Kc7 80. Bxd5 Bf1 81. Kd4 Bh3 82. Kc4 Bf1+ 83. Kb3 Bb5 84. Bc4 Bd7 85. b5 Bg4 86. Bd5 Bf5 87. Kb4 Bg4 88. Ka5 Bc8 89. Be4 Kb8 90. Kb4 Kc7 91. Kc4 Bd7 92. Bd3 Be6+ 93. Kd4 Bg4 94. Kd5 Bf3+ 95. Kc4 Bg4 96. Be4 Be2+ 97. Kb4 Bf1 98. Ka5 Be2 99. Ka6 Bc4 100. Bc6 Kb8 101. Be8 Bd3 102. Bf7 Be2 103. Bd5 Bd3 104. Ka5 Kc7 105. Ka6 Kb8 106. Ka5 Kc7 107. Ka6 1/2-1/2

[Event "Oberliga Nord O 1516"]
[Site "Germany"]
[Date "2016.01.17"]
[Round "5.6"]
[White "Emig, Edgar"]
[Black "Mildner, Jens"]
[Result "1/2-1/2"]
[WhiteElo "2149"]
[BlackElo "2131"]
[PlyCount "80"]
[EventDate "2015.09.20"]
[EventType "team-tourn"]
[EventRounds "9"]
[EventCountry "GER"]
[SourceTitle "CBM 170 Extra"]
[Source "ChessBase"]
[SourceDate "2016.02.25"]
[SourceVersion "1"]
[SourceVersionDate "2016.02.25"]
[SourceQuality "1"]
[WhiteTeam "Makkabi Berlin"]
[BlackTeam "Greifswald"]
[WhiteTeamCountry "GER"]
[BlackTeamCountry "GER"]

1. e4 c5 2. Nf3 Nc6 3. Bb5 g6 4. 0-0 Bg7 5. Re1 Nf6 6. e5 Nd5 7. Nc3 Nc7 8. Bxc6 dxc6 9. Ne4 Ne6 10. b3 0-0 11. Bb2 b6 12. Qe2 Nf4 13. Qe3 Nd5 14. Qg5 Bf5 15. d3 Bxe4 16. dxe4 Nc7 17. h4 Ne6 18. Qg3 Qc7 19. Ng5 Nxg5 20. hxg5 Rad8 21. Bc3 f6 22. gxf6 exf6 23. exf6 Qxg3 24. fxg3 Bxf6 25. e5 Be7 26. Rf1 Rxf1+ 27. Rxf1 Bg5 28. e6 Be3+ 29. Kh2 Bd4 30. Bd2 Re8 31. Re1 Kg7 32. g4 Kf6 33. g5+ Kf5 34. Kh3 Be5 35. g4+ Kxe6 36. Bf4 Kd6 37. Rd1+ Ke6 38. Re1 Kd6 39. Rd1+ Kc7 40. Re1 Kd6 1/2-1/2

[Event "Oberliga Nord O 1516"]
[Site "Germany"]
[Date "2015.11.15"]
[Round "3.6"]
[White "Georgi, Johannes"]
[Black "Mildner, Jens"]
[Result "1-0"]
[WhiteElo "1997"]
[BlackElo "2131"]
[PlyCount "79"]
[EventDate "2015.09.20"]
[EventType "team-tourn"]
[EventRounds "9"]
[EventCountry "GER"]
[SourceTitle "CBM 170 Extra"]
[Source "ChessBase"]
[SourceDate "2016.02.25"]
[SourceVersion "1"]
[SourceVersionDate "2016.02.25"]
[SourceQuality "1"]
[WhiteTeam "Fuerstenwalde"]
[BlackTeam "Greifswald"]
[WhiteTeamCountry "GER"]
[BlackTeamCountry "GER"]

1. Nc3 d5 2. e4 d4 3. Nce2 c5 4. Ng3 e5 5. Bc4 Bd6 6. Nf3 Nc6 7. d3 Nge7 8. Ng5 Be6 9. Bxe6 fxe6 10. Nxe6 Qd7 11. Nxg7+ Kd8 12. N7f5 Kc7 13. Bd2 Rag8 14. Qe2 Rg6 15. Rg1 Kb8 16. Nxd6 Rxd6 17. f4 Ng6 18. f5 Nf4 19. Bxf4 exf4 20. Nh5 Rh6 21. Nxf4 Rxh2 22. 0-0-0 Qc7 23. Qf2 Qa5 24. Qg3 Nb4 25. Nd5+ Ka8 26. Nxb4 cxb4 27. Qxh2 Qxa2 28. Qe5 Rc8 29. Qxd4 b3 30. c4 Qa1+ 31. Kd2 Qa5+ 32. Ke2 Rd8 33. Qc3 Qc7 34. e5 Qg7 35. g4 Qh6 36. Rg2 Qf4 37. Rf1 Qg5 38. d4 h5 39. Qe3 Qg8 40. e6 1-0

[Event "Oberliga Nord O 1516"]
[Site "Germany"]
[Date "2015.09.20"]
[Round "1.6"]
[White "Gropp, Andreas"]
[Black "Mildner, Jens"]
[Result "1/2-1/2"]
[WhiteElo "2185"]
[BlackElo "2131"]
[PlyCount "41"]
[EventDate "2015.09.20"]
[EventType "team-tourn"]
[EventRounds "9"]
[EventCountry "GER"]
[SourceTitle "CBM 170 Extra"]
[Source "ChessBase"]
[SourceDate "2016.02.25"]
[SourceVersion "1"]
[SourceVersionDate "2016.02.25"]
[SourceQuality "1"]
[WhiteTeam "Neuruppin"]
[BlackTeam "Greifswald"]
[WhiteTeamCountry "GER"]
[BlackTeamCountry "GER"]

1. c4 e6 2. g3 d5 3. Bg2 c6 4. Nf3 Nf6 5. 0-0 Be7 6. b3 0-0 7. Bb2 Nbd7 8. Qc2 Re8 9. d4 Ne4 10. Ne1 f5 11. Nd3 Rf8 12. f3 Ng5 13. Nd2 Nf6 14. Rae1 Bd6 15. Ne5 Bd7 16. e4 fxe4 17. fxe4 Bxe5 18. dxe5 Nfxe4 19. Nxe4 Nxe4 20. Bxe4 dxe4 21. Rxf8+ 1/2-1/2

[Event "Oberliga Nord O 1415"]
[Site "Germany"]
[Date "2015.02.22"]
[Round "7.5"]
[White "Mildner, Jens"]
[Black "Hellmann, Norbert"]
[Result "1/2-1/2"]
[WhiteElo "2083"]
[BlackElo "2109"]
[PlyCount "42"]
[EventDate "2014.09.21"]
[EventType "team-tourn"]
[EventRounds "9"]
[EventCountry "GER"]
[SourceTitle "EXT 2016"]
[Source "ChessBase"]
[SourceDate "2015.10.08"]
[SourceVersion "1"]
[SourceVersionDate "2015.10.08"]
[SourceQuality "1"]
[WhiteTeam "Greifswald"]
[BlackTeam "Fuerstenwalde"]
[WhiteTeamCountry "GER"]
[BlackTeamCountry "GER"]

1. d4 d6 2. c4 g6 3. Nc3 Bg7 4. e4 Nc6 5. Nf3 e5 6. dxe5 Nxe5 7. Nxe5 Bxe5 8. Qc2 Bg7 9. Be2 Ne7 10. 0-0 0-0 11. Bg5 h6 12. Be3 b6 13. Rfd1 Bb7 14. Rac1 Qc8 15. f3 Nc6 16. Nd5 Kh7 17. b3 Qd7 18. Qd2 Qd8 19. Bd3 Ne5 20. Be2 a5 21. Rc2 Re8 1/2-1/2

[Event "Oberliga Nord O 1314"]
[Site "Germany"]
[Date "2014.03.16"]
[Round "8.7"]
[White "Bachmann, Volker"]
[Black "Mildner, Jens"]
[Result "0-1"]
[WhiteElo "2068"]
[BlackElo "2079"]
[PlyCount "76"]
[EventDate "2013.10.13"]
[EventType "team-tourn"]
[EventRounds "9"]
[EventCountry "GER"]
[SourceTitle "EXT 2015"]
[Source "ChessBase"]
[SourceDate "2014.11.20"]
[SourceVersion "1"]
[SourceVersionDate "2014.11.20"]
[SourceQuality "1"]
[WhiteTeam "Potsdam Empor"]
[BlackTeam "Greifswald"]
[WhiteTeamCountry "GER"]
[BlackTeamCountry "GER"]

1. d4 d5 2. c4 e6 3. Nc3 f5 4. Nf3 Nf6 5. Bf4 c6 6. e3 Be7 7. Bd3 0-0 8. Qc2 a5 9. cxd5 cxd5 10. Nb5 Na6 11. a3 Bd7 12. 0-0 Qb6 13. Qe2 Rfc8 14. Ne5 Be8 15. h3 Nc7 16. Nc3 Ne4 17. f3 Nd6 18. Kh1 a4 19. Rfc1 Ncb5 20. Nxb5 Nxb5 21. g4 g6 22. gxf5 exf5 23. Rg1 Nd6 24. Bg5 Qd8 25. h4 Bxg5 26. hxg5 Nf7 27. Qh2 Nxe5 28. Qxe5 Bf7 29. e4 dxe4 30. fxe4 Ra5 31. Qf6 Qe8 32. Qb6 fxe4 33. Qxa5 exd3 34. Rae1 Qd7 35. Kh2 Qxd4 36. Qe5 Rc2+ 37. Rg2 Rxg2+ 38. Kxg2 Qxe5 0-1

[Event "Oberliga Nord O 1314"]
[Site "Germany"]
[Date "2013.11.10"]
[Round "2.8"]
[White "Mildner, Jens"]
[Black "Langner, Tobias"]
[Result "1/2-1/2"]
[WhiteElo "2079"]
[BlackElo "1968"]
[PlyCount "30"]
[EventDate "2013.10.13"]
[EventType "team-tourn"]
[EventRounds "9"]
[EventCountry "GER"]
[SourceTitle "EXT 2015"]
[Source "ChessBase"]
[SourceDate "2014.11.20"]
[SourceVersion "1"]
[SourceVersionDate "2014.11.20"]
[SourceQuality "1"]
[WhiteTeam "Greifswald"]
[BlackTeam "Potsdam USV"]
[WhiteTeamCountry "GER"]
[BlackTeamCountry "GER"]

1. d4 d5 2. c4 e6 3. Nc3 c5 4. e3 Nf6 5. Nf3 Nc6 6. a3 Be7 7. Be2 0-0 8. 0-0 a6 9. dxc5 Bxc5 10. b4 Ba7 11. Bb2 dxc4 12. Bxc4 b5 13. Bb3 Bb7 14. Qe2 Qe7 15. Rfd1 Rfd8 1/2-1/2

[Event "Mecklenburg VP LL2 Ost 1213"]
[Site "Mecklenburg VP"]
[Date "2013.04.14"]
[Round "8.3"]
[White "Mauser, Tassilo Tino"]
[Black "Mildner, Jens"]
[Result "0-1"]
[WhiteElo "1525"]
[BlackElo "2026"]
[PlyCount "80"]
[EventDate "2012.10.14"]
[EventType "team-tourn"]
[EventRounds "9"]
[EventCountry "GER"]
[SourceTitle "EXT 2022"]
[Source "ChessBase"]
[SourceDate "2021.10.06"]
[SourceVersion "1"]
[SourceVersionDate "2021.10.06"]
[SourceQuality "1"]
[WhiteTeam "Gryps SV"]
[BlackTeam "Greifswald II"]
[WhiteTeamCountry "GER"]
[BlackTeamCountry "GER"]

1. e4 c5 2. d3 Nc6 3. g3 g6 4. Bg2 Bg7 5. c3 e6 6. f4 Nge7 7. Nf3 d6 8. 0-0 0-0 9. Na3 Rb8 10. Nc2 d5 11. exd5 Nxd5 12. d4 cxd4 13. Ncxd4 Nxd4 14. Nxd4 Ne7 15. Nc2 b6 16. Be3 Ba6 17. Re1 Qc7 18. Qf3 Nf5 19. Rad1 Bc4 20. Qc6 Qxc6 21. Bxc6 Rfd8 22. Bd4 Bxa2 23. Bxg7 Kxg7 24. Nd4 Nxd4 25. Rxd4 Rxd4 26. cxd4 a5 27. Re2 Rc8 28. Ba4 Bd5 29. Bb5 Kf6 30. Kf2 Ke7 31. Ke3 Kd6 32. Rd2 f6 33. Rf2 Rc1 34. Kd2 Rg1 35. Bf1 Kc6 36. Kc3 b5 37. b3 Kb6 38. Kb2 a4 39. bxa4 bxa4 40. Be2 Ka5 0-1

[Event "Mecklenburg VP VL 1112"]
[Site "Mecklenburg VP"]
[Date "2012.04.15"]
[Round "9.1"]
[White "Zentgraf, Robert"]
[Black "Mildner, Jens"]
[Result "1-0"]
[WhiteElo "2072"]
[BlackElo "2034"]
[PlyCount "159"]
[EventDate "2011.10.02"]
[EventType "team-tourn"]
[EventRounds "9"]
[EventCountry "GER"]
[SourceTitle "EXT 2022"]
[Source "ChessBase"]
[SourceDate "2021.10.06"]
[SourceVersion "1"]
[SourceVersionDate "2021.10.06"]
[SourceQuality "1"]
[WhiteTeam "Torgelow Droegeheide"]
[BlackTeam "Greifswald II"]
[WhiteTeamCountry "GER"]
[BlackTeamCountry "GER"]

1. e4 c5 2. Nf3 Nc6 3. c3 e6 4. d4 cxd4 5. cxd4 d5 6. exd5 exd5 7. Be2 Bb4+ 8. Bd2 Bxd2+ 9. Nbxd2 Nge7 10. 0-0 0-0 11. Nb3 Bg4 12. h3 Bh5 13. Qd2 Qd6 14. Rac1 Rac8 15. Rfe1 f6 16. Nh4 Bxe2 17. Qxe2 b6 18. Qe6+ Qxe6 19. Rxe6 Kf7 20. Rce1 Rfe8 21. Kf1 Nb4 22. R6e2 g6 23. g3 g5 24. Ng2 Nf5 25. a3 Nc6 26. Rd1 a5 27. Ne3 Rxe3 28. Rxe3 Nxe3+ 29. fxe3 a4 30. Na1 Na5 31. Ke2 Nc4 32. Rb1 Re8 33. Nc2 f5 34. Kd3 Ke6 35. b3 axb3 36. Rxb3 Ra8 37. g4 Ra4 38. gxf5+ Kxf5 39. Rb5 Nxa3 40. Rxd5+ Kg6 41. Ne1 Rb4 42. Kc3 Rb1 43. Nf3 h6 44. Rd6+ Kh5 45. Rd5 b5 46. Kd3 Rb3+ 47. Ke2 b4 48. Ne5 Kh4 49. Rd6 h5 50. Rh6 Nc2 51. Nf3+ Kg3 52. Nd2 Ra3 53. Rxh5 Nxe3 54. Rxg5+ Kxh3 55. Nf3 Nc4 56. Ng1+ Kh4 57. Rb5 Re3+ 58. Kf2 b3 59. Nf3+ Kh3 60. Ne5 Rc3 61. Nxc4 Rxc4 62. Rxb3+ Kg4 63. Ke3 Kf5 64. Kd3 Rc8 65. Rb6 Rc7 66. Ra6 Rc1 67. Rh6 Rc8 68. Rh5+ Ke6 69. Ke4 Rg8 70. d5+ Kd6 71. Rh6+ Kd7 72. Kd4 Rg4+ 73. Kc5 Rg5 74. Rh7+ Kd8 75. Kc6 Rg1 76. Rh8+ Ke7 77. d6+ Ke6 78. Re8+ Kf6 79. d7 Rc1+ 80. Kb5 1-0

[Event "Mecklenburg VP VL 1011"]
[Site "Mecklenburg VP"]
[Date "2011.03.20"]
[Round "8.2"]
[White "Mildner, Jens"]
[Black "Lehmann, Ruben"]
[Result "1-0"]
[WhiteElo "1994"]
[BlackElo "1942"]
[PlyCount "69"]
[EventDate "2010.10.10"]
[EventType "team-tourn"]
[EventRounds "9"]
[EventCountry "GER"]
[SourceTitle "EXT 2022"]
[Source "ChessBase"]
[SourceDate "2021.10.06"]
[SourceVersion "1"]
[SourceVersionDate "2021.10.06"]
[SourceQuality "1"]
[WhiteTeam "Greifswald II"]
[BlackTeam "Torgelow Droegeheide"]
[WhiteTeamCountry "GER"]
[BlackTeamCountry "GER"]

1. d4 d5 2. c4 e6 3. Nc3 c6 4. cxd5 exd5 5. Qc2 Bd6 6. Nf3 Ne7 7. Bg5 f6 8. Bh4 Bf5 9. Qd1 Qb6 10. Qd2 Nd7 11. e3 Be4 12. Be2 f5 13. Bg3 Qc7 14. Ng5 Bxg2 15. Rg1 Bxg3 16. hxg3 h6 17. Ne6 Qd6 18. Nf4 Be4 19. f3 g5 20. Nh5 Bxf3 21. Bxf3 Qg6 22. 0-0-0 Qf7 23. g4 0-0 24. Kb1 Rae8 25. Ka1 Nb6 26. b3 Ng6 27. gxf5 Nh4 28. Bg4 Nxf5 29. Rgf1 Qg6 30. Qc2 Rxe3 31. Bxf5 Qxh5 32. Bg6 Rxc3 33. Rxf8+ Kg7 34. Rf7+ Kg8 35. Bxh5 1-0